Partially miscible blends of epoxy resin and epoxidized rubber: Structural characterization of the epoxidized rubber and mechanical properties of the blends (Record no. 64607)

MARC details
000 -LEADER
fixed length control field 00515nam a2200157Ia 4500
100 ## - MAIN ENTRY--AUTHOR NAME
Personal name Bussi P
245 #0 - TITLE STATEMENT
Title Partially miscible blends of epoxy resin and epoxidized rubber: Structural characterization of the epoxidized rubber and mechanical properties of the blends
260 ## - PUBLICATION, DISTRIBUTION, ETC. (IMPRINT)
Name of publisher Journal of Applied Polymer Science
Year of publication 1994
300 ## - PHYSICAL DESCRIPTION
Number of Pages 441-454
650 ## - SUBJECT ADDED ENTRY--TOPICAL TERM
Topical Term Blends
650 ## - SUBJECT ADDED ENTRY--TOPICAL TERM
Topical Term Epoxidized rubber
650 ## - SUBJECT ADDED ENTRY--TOPICAL TERM
Topical Term Epoxy resin
700 ## - ADDED ENTRY--PERSONAL NAME
Personal name Ishida H
942 ## - ADDED ENTRY ELEMENTS (KOHA)
Koha item type Journals
Holdings
Withdrawn status Lost status Damaged status Not for loan Home library Current library Shelving location Date acquired Serial Enumeration / chronology Koha item type
      Journals RRII Library RRII Library Rubber chemistry 17/12/2021 Volume 53, Issue 4 Journals